000 00265nam a22000977a 4500
082 _a629.2 AUT'O
245 _aAUTOMOBILE MECHANICS FOR VOCATIONAL HIGH SCHOOL A SUGGESTED SYLLABUS
260 _aNEWYORK
_bUNIVERSITY OF THE STATE
_c1960
300 _a131P
942 _cBK
999 _c568927
_d568927